[Event "Campeonato España Sub 12"]
[Site "Salobreña"]
[Date "2017.07.10"]
[Round "2"]
[White "Perez Garcia, Jimena"]
[Black "Reguillaga Elias, Manex"]
[Result "0-1"]
[Board "8"]
[WhiteClock "1:30"]
[WhiteElo "1551"]
[WhiteCountry "ESP"]
[WhiteFideId "24517127"]
[WhiteEloChange "-4"]
[BlackClock "1:30"]
[BlackElo "1817"]
[BlackCountry "ESP"]
[BlackFideId "24516341"]
[BlackEloChange "4"]

1. d4 {[%clk 1:30:00]} e6 {[%clk 1:30:00]} 2. c4 {[%clk 1:31:00]} Nf6 {[%clk
1:31:00]} 3. Nc3 {[%clk 1:31:00]} Bb4 {[%clk 1:31:00]} 4. Qc2 {[%clk 1:32:00]}
O-O {[%clk 1:32:00]} 5. a3 {[%clk 1:31:00]} Bxc3+ {[%clk 1:32:00]} 6. Qxc3 {[%clk
1:32:00]} Ne4 {[%clk 1:32:00]} 7. Qc2 {[%clk 1:32:00]} f5 {[%clk 1:33:00]} 8. Nh3
{[%clk 1:31:00]} b6 {[%clk 1:30:00]} 9. f3 {[%clk 1:30:00]} Nf6 {[%clk 1:30:00]}
10. e3 {[%clk 1:29:00]} Bb7 {[%clk 1:28:00]} 11. Be2 {[%clk 1:26:00]} d6 {[%clk
1:27:00]} 12. O-O {[%clk 1:23:00]} Nbd7 {[%clk 1:25:00]} 13. Bd2 {[%clk 1:19:00]}
Qe7 {[%clk 1:22:00]} 14. Bd3 {[%clk 1:07:00]} c5 {[%clk 1:21:00]} 15. Rfe1 {[%clk
1:01:00]} Rac8 {[%clk 1:18:00]} 16. Bc3 {[%clk 0:56:00]} d5 {[%clk 1:04:00]} 17.
b3 {[%clk 0:48:00]} Rc7 {[%clk 0:55:00]} 18. Qd2 {[%clk 0:37:00]} Rfc8 {[%clk
0:53:00]} 19. Nf2 {[%clk 0:31:00]} dxc4 {[%clk 0:51:00]} 20. bxc4 {[%clk
0:27:00]} Ba6 {[%clk 0:49:00]} 21. d5 {[%clk 0:26:00]} exd5 {[%clk 0:49:00]} 22.
cxd5 {[%clk 0:26:00]} Bxd3 {[%clk 0:50:00]} 23. Qxd3 {[%clk 0:27:00]} Qd6 {[%clk
0:48:00]} 24. Qxf5 {[%clk 0:25:00]} Qxd5 {[%clk 0:49:00]} 25. Qxd5+ {[%clk
0:24:00]} Nxd5 {[%clk 0:49:00]} 26. Bb2 {[%clk 0:24:00]} c4 {[%clk 0:48:00]} 27.
Rad1 {[%clk 0:23:00]} N5f6 {[%clk 0:47:00]} 28. Bc3 {[%clk 0:22:00]} Nc5 {[%clk
0:46:00]} 29. e4 {[%clk 0:19:14]} Na4 {[%clk 0:46:00]} 30. Bd2 {[%clk 0:18:47]}
c3 {[%clk 0:45:00]} 31. Bf4 {[%clk 0:18:32]} Rc4 {[%clk 0:45:00]} 32. Nd3 {[%clk
0:16:56]} c2 {[%clk 0:42:00]} 33. Rc1 {[%clk 0:16:47]} Nd7 {[%clk 0:38:00]} 34.
Nb4 {[%clk 0:16:26]} Ndc5 {[%clk 0:38:00]} 35. Re3 {[%clk 0:15:29]} Ne6 {[%clk
0:37:00]} 36. Be5 {[%clk 0:15:34]} R8c5 {[%clk 0:35:00]} 37. Bd6 {[%clk 0:14:52]}
Rc8 {[%clk 0:33:00]} 38. Be5 {[%clk 0:15:15]} a5 {[%clk 0:25:00]} 39. Nd5 {[%clk
0:15:09]} Kf7 {[%clk 0:25:00]} 40. Rb3 {[%clk 0:15:01]} Nec5 {[%clk 0:21:00]} 41.
Rb5 {[%clk 0:14:28]} Nd3 {[%clk 0:21:00]} 42. Ne3 {[%clk 0:11:27]} Nxc1 {[%clk
0:21:00]} 43. Nxc4 {[%clk 0:11:28]} Ne2+ {[%clk 0:22:00]} 44. Kf2 {[%clk
0:11:32]} Rxc4 {[%clk 0:22:00]} 0-1

[Event "Campeonato España Sub 12"]
[Site "Salobreña"]
[Date "2017.07.10"]
[Round "2"]
[White "Luque Saiz, Andres"]
[Black "Ramirez Sanchez, Nicolas"]
[Result "1-0"]
[Board "9"]
[WhiteClock "1:30"]
[WhiteElo "1821"]
[WhiteCountry "ESP"]
[WhiteFideId "24510793"]
[WhiteEloChange "3"]
[BlackClock "1:30"]
[BlackElo "1502"]
[BlackCountry "ESP"]
[BlackFideId "24516430"]
[BlackEloChange "-3"]

1. d4 {[%clk 1:30:00]} f5 {[%clk 1:30:00]} 2. Nf3 {[%clk 1:30:00]} g6 {[%clk
1:31:00]} 3. e3 {[%clk 1:30:00]} Nf6 {[%clk 1:31:00]} 4. Bd3 {[%clk 1:30:00]} Bg7
{[%clk 1:31:00]} 5. Nbd2 {[%clk 1:30:00]} O-O {[%clk 1:32:00]} 6. O-O {[%clk
1:30:00]} d6 {[%clk 1:32:00]} 7. b3 {[%clk 1:27:00]} Qe8 {[%clk 1:32:00]} 8. Bb2
{[%clk 1:27:00]} Nbd7 {[%clk 1:32:00]} 9. Nc4 {[%clk 1:21:00]} b5 {[%clk
1:30:00]} 10. Ncd2 {[%clk 1:21:00]} a6 {[%clk 1:30:00]} 11. c4 {[%clk 1:21:00]}
e5 {[%clk 1:24:00]} 12. dxe5 {[%clk 1:20:00]} dxe5 {[%clk 1:23:00]} 13. cxb5
{[%clk 1:20:00]} e4 {[%clk 1:22:00]} 14. Bc4+ {[%clk 1:20:00]} Kh8 {[%clk
1:22:00]} 15. Nd4 {[%clk 1:21:00]} Ne5 {[%clk 1:21:00]} 16. Ba3 {[%clk 1:18:00]}
Nxc4 {[%clk 1:21:00]} 17. Bxf8 {[%clk 1:19:00]} Bxf8 {[%clk 1:21:00]} 18. bxc4
{[%clk 1:19:00]} axb5 {[%clk 1:19:00]} 19. cxb5 {[%clk 1:19:00]} Bd7 {[%clk
1:19:00]} 20. a4 {[%clk 1:18:00]} Bh6 {[%clk 1:17:00]} 21. Qb3 {[%clk 1:15:00]}
Qe5 {[%clk 1:15:00]} 22. Nc4 {[%clk 1:13:00]} Qe8 {[%clk 1:14:00]} 23. a5 {[%clk
1:12:00]} Qb8 {[%clk 1:10:00]} 24. b6 {[%clk 1:11:00]} Be8 {[%clk 1:08:00]} 25.
a6 {[%clk 1:09:00]} cxb6 {[%clk 1:06:00]} 26. Qxb6 {[%clk 1:10:00]} Qxb6 {[%clk
1:05:00]} 27. Nxb6 {[%clk 1:10:00]} Ra7 {[%clk 1:06:00]} 28. Nc8 {[%clk 1:10:00]}
Ra8 {[%clk 1:06:00]} 29. Rfc1 {[%clk 1:09:00]} Ng4 {[%clk 1:05:00]} 30. Nb6
{[%clk 1:08:00]} Ra7 {[%clk 1:05:00]} 31. Rc8 {[%clk 1:08:00]} Nf6 {[%clk
1:05:00]} 32. Nb5 {[%clk 1:08:00]} Rg7 {[%clk 1:04:00]} 33. a7 {[%clk 1:09:00]}
Rxa7 {[%clk 1:05:00]} 34. Rxa7 {[%clk 1:09:00]} Bf8 {[%clk 1:05:00]} 35. Nc7
{[%clk 1:09:00]} Kg8 {[%clk 1:05:00]} 36. Nxe8 {[%clk 1:10:00]} Nxe8 {[%clk
1:05:00]} 37. Rxe8 {[%clk 1:10:00]} h6 {[%clk 1:06:00]} 38. Nd5 {[%clk 1:10:00]}
g5 {[%clk 1:06:00]} 39. Nf6+ {[%clk 1:11:00]} Kh8 {[%clk 1:05:00]} 40. Rxf8#
{[%clk 1:11:00]} 1-0

[Event "Campeonato España Sub 12"]
[Site "Salobreña"]
[Date "2017.07.10"]
[Round "2"]
[White "Bernado Lopez, Roger"]
[Black "Travesset Sagre, Jan"]
[Result "0-1"]
[Board "10"]
[WhiteClock "1:30"]
[WhiteElo "1499"]
[WhiteCountry "ESP"]
[WhiteFideId "24585009"]
[WhiteEloChange "-3"]
[BlackClock "1:30"]
[BlackElo "1792"]
[BlackCountry "ESP"]
[BlackFideId "24538701"]
[BlackEloChange "3"]

1. e4 {[%clk 1:30:00]} d5 {[%clk 1:30:00]} 2. exd5 {[%clk 1:31:00]} Qxd5 {[%clk
1:31:00]} 3. Nc3 {[%clk 1:31:00]} Qd8 {[%clk 1:31:00]} 4. d4 {[%clk 1:32:00]} Nf6
{[%clk 1:31:00]} 5. Nf3 {[%clk 1:30:00]} Bg4 {[%clk 1:32:00]} 6. g3 {[%clk
1:29:00]} e6 {[%clk 1:30:00]} 7. Bg2 {[%clk 1:29:00]} c6 {[%clk 1:30:00]} 8. O-O
{[%clk 1:29:00]} Nbd7 {[%clk 1:29:00]} 9. b3 {[%clk 1:29:00]} Bd6 {[%clk
1:28:00]} 10. Bb2 {[%clk 1:29:00]} O-O {[%clk 1:28:00]} 11. Ne2 {[%clk 1:23:00]}
Qa5 {[%clk 1:21:00]} 12. c4 {[%clk 1:21:00]} Qh5 {[%clk 1:21:00]} 13. Qd3 {[%clk
1:18:00]} Rfd8 {[%clk 1:12:00]} 14. Qe3 {[%clk 1:15:00]} Bxf3 {[%clk 1:05:00]}
15. Bxf3 {[%clk 1:15:00]} Ng4 {[%clk 1:03:00]} 16. Bxg4 {[%clk 1:15:00]} Qxg4
{[%clk 1:04:00]} 17. Rfe1 {[%clk 1:08:00]} Bc7 {[%clk 0:44:00]} 18. Rad1 {[%clk
1:05:00]} Ba5 {[%clk 0:37:00]} 19. Bc3 {[%clk 1:04:00]} Bxc3 {[%clk 0:38:00]} 20.
Nxc3 {[%clk 1:05:00]} Nf6 {[%clk 0:34:00]} 21. Kg2 {[%clk 0:43:00]} h6 {[%clk
0:34:00]} 22. Rd3 {[%clk 0:42:00]} Rd7 {[%clk 0:32:00]} 23. Red1 {[%clk 0:40:00]}
Rad8 {[%clk 0:32:00]} 24. Qf3 {[%clk 0:32:00]} Qxf3+ {[%clk 0:30:00]} 25. Kxf3
{[%clk 0:32:00]} Kf8 {[%clk 0:28:00]} 26. Ne4 {[%clk 0:30:00]} b6 {[%clk
0:24:00]} 27. Nxf6 {[%clk 0:30:00]} gxf6 {[%clk 0:25:00]} 28. Ke4 {[%clk
0:30:00]} Ke7 {[%clk 0:25:00]} 29. b4 {[%clk 0:26:00]} f5+ {[%clk 0:22:00]} 30.
Ke3 {[%clk 0:26:00]} f6 {[%clk 0:19:40]} 31. f4 {[%clk 0:26:00]} h5 {[%clk
0:15:35]} 32. h4 {[%clk 0:26:00]} Rg8 {[%clk 0:12:42]} 33. Ke2 {[%clk 0:25:00]}
Rc8 {[%clk 0:11:22]} 34. a4 {[%clk 0:24:00]} Rcd8 {[%clk 0:10:07]} 35. Ke3 {[%clk
0:19:12]} Rg8 {[%clk 0:08:35]} 36. Ke2 {[%clk 0:18:59]} Rb8 {[%clk 0:07:55]} 37.
Rb1 {[%clk 0:17:57]} Rc8 {[%clk 0:07:45]} 38. Rbd1 {[%clk 0:15:53]} c5 {[%clk
0:04:30]} 39. bxc5 {[%clk 0:14:33]} bxc5 {[%clk 0:04:45]} 40. dxc5 {[%clk
0:11:51]} Rxd3 {[%clk 0:04:55]} 41. Rxd3 {[%clk 0:12:08]} Rxc5 {[%clk 0:04:53]}
42. Rb3 {[%clk 0:10:59]} Ra5 {[%clk 0:02:10]} 43. Rb7+ {[%clk 0:05:42]} Kd6
{[%clk 0:01:59]} 44. Rf7 {[%clk 0:05:48]} Rxa4 {[%clk 0:02:19]} 45. Rxf6 {[%clk
0:06:13]} Rxc4 {[%clk 0:02:24]} 46. Rf8 {[%clk 0:05:52]} a5 {[%clk 0:02:38]} 47.
Ra8 {[%clk 0:05:51]} a4 {[%clk 0:02:29]} 48. Kd3 {[%clk 0:05:45]} Rb4 {[%clk
0:02:33]} 49. Ra6+ {[%clk 0:01:14]} Ke7 {[%clk 0:02:40]} 50. Ke2 {[%clk 0:00:35]}
Rb2+ {[%clk 0:02:45]} 51. Kf1 {[%clk 0:00:46]} Rb3 {[%clk 0:01:55]} 52. Rxa4
{[%clk 0:00:51]} Rxg3 {[%clk 0:02:18]} 53. Ra7+ {[%clk 0:00:32]} Kf6 {[%clk
0:02:28]} 54. Rh7 {[%clk 0:00:32]} Kg6 {[%clk 0:02:16]} 55. Rh8 {[%clk 0:00:33]}
Rf3+ {[%clk 0:02:37]} 56. Kg2 {[%clk 0:00:45]} Rxf4 {[%clk 0:02:55]} 57. Re8
{[%clk 0:00:43]} Kf7 {[%clk 0:03:07]} 58. Rd8 {[%clk 0:00:43]} 0-1

[Event "Campeonato España Sub 12"]
[Site "Salobreña"]
[Date "2017.07.10"]
[Round "2"]
[White "Fernandez Estremera, Fernando"]
[Black "Roldan Marques, Marta"]
[Result "1-0"]
[Board "11"]
[WhiteClock "n/a"]
[WhiteElo "1809"]
[WhiteCountry "ESP"]
[WhiteFideId "24520152"]
[WhiteEloChange "3"]
[BlackClock "n/a"]
[BlackElo "1498"]
[BlackCountry "ESP"]
[BlackFideId "32099436"]
[BlackEloChange "-3"]

1. d4 {[%clk 1:30:30]} d5 {[%clk 1:30:30]} 2. c4 {[%clk 1:30:30]} c6 {[%clk
1:30:30]} 3. Nc3 {[%clk 1:30:30]} Nf6 {[%clk 1:30:30]} 4. cxd5 {[%clk 1:30:30]}
cxd5 {[%clk 1:30:30]} 5. Bf4 {[%clk 1:30:30]} Nc6 {[%clk 1:30:30]} 6. e3 {[%clk
1:30:30]} Qb6 {[%clk 1:30:30]} 7. Qc2 {[%clk 1:30:30]} a6 {[%clk 1:30:30]} 8. a3
{[%clk 1:30:30]} Bg4 {[%clk 1:30:30]} 9. Na4 {[%clk 1:30:30]} Qa5+ {[%clk
1:30:30]} 10. b4 {[%clk 1:30:30]} Bf5 {[%clk 1:30:30]} 11. Qb3 {[%clk 1:30:30]}
Qd8 {[%clk 1:30:30]} 12. Nc5 {[%clk 1:30:30]} Qb6 {[%clk 1:30:30]} 13. Ne2 {[%clk
1:30:30]} e6 {[%clk 1:30:30]} 14. Nc3 {[%clk 1:30:30]} Bxc5 {[%clk 1:30:30]} 15.
dxc5 {[%clk 1:30:30]} Qd8 {[%clk 1:30:30]} 16. Bd6 {[%clk 1:30:30]} Ne4 {[%clk
1:30:30]} 17. Nxe4 {[%clk 1:30:30]} Bxe4 {[%clk 1:30:30]} 18. Qa4 {[%clk
1:30:30]} Rc8 {[%clk 1:30:30]} 19. Bxa6 {[%clk 1:30:30]} bxa6 {[%clk 1:30:30]}
20. Qxa6 {[%clk 1:30:30]} Bxg2 {[%clk 1:30:30]} 21. Rg1 {[%clk 1:30:30]} Be4
{[%clk 1:30:30]} 22. b5 {[%clk 1:30:30]} Na5 {[%clk 1:30:30]} 23. b6 {[%clk
1:30:30]} Ra8 {[%clk 1:30:30]} 24. Qb5+ {[%clk 1:30:30]} Qd7 {[%clk 1:30:30]} 25.
Qb4 {[%clk 1:30:30]} Nc6 {[%clk 1:30:30]} 26. Qb2 {[%clk 1:30:30]} f6 {[%clk
1:30:30]} 27. Bc7 {[%clk 1:30:30]} Kf7 {[%clk 1:30:30]} 28. a4 {[%clk 1:30:30]}
Qe7 {[%clk 1:30:30]} 29. Qb5 {[%clk 1:30:30]} d4 {[%clk 1:30:30]} 30. a5 {[%clk
1:30:30]} dxe3 {[%clk 1:30:30]} 31. fxe3 {[%clk 1:30:30]} f5 {[%clk 1:30:30]} 32.
a6 {[%clk 1:30:30]} Qh4+ {[%clk 1:30:30]} 33. Bg3 {[%clk 1:30:30]} Qf6 {[%clk
1:30:30]} 34. Kf2 {[%clk 1:30:30]} Qc3 {[%clk 1:30:30]} 35. Rae1 {[%clk 1:30:30]}
Nb4 {[%clk 1:30:30]} 36. Qd7+ {[%clk 1:30:30]} Kf6 {[%clk 1:30:30]} 37. Bh4+
{[%clk 1:30:30]} Ke5 {[%clk 1:30:30]} 38. Qxg7+ {[%clk 1:30:30]} Kd5 {[%clk
1:30:30]} 39. Qxc3 {[%clk 1:30:30]} Nd3+ {[%clk 1:30:30]} 40. Kf1 {[%clk
1:30:30]} Nxe1 {[%clk 1:30:30]} 41. Kxe1 {[%clk 1:30:30]} Rhf8 {[%clk 1:30:30]}
42. Qd4+ {[%clk 1:30:30]} Kc6 {[%clk 1:30:30]} 43. Qd6+ {[%clk 1:30:30]} Kb5
{[%clk 1:30:30]} 44. a7 {[%clk 1:30:30]} Rf7 {[%clk 1:30:30]} 45. Be7 {[%clk
1:30:30]} 1-0

[Event "Campeonato España Sub 12"]
[Site "Salobreña"]
[Date "2017.07.10"]
[Round "2"]
[White "Perez Bolanos, David"]
[Black "Tadevosyan, Aspet"]
[Result "0-1"]
[Board "12"]
[WhiteClock "1:30"]
[WhiteElo "1455"]
[WhiteCountry "ESP"]
[WhiteFideId "24564400"]
[WhiteEloChange "-3"]
[BlackClock "1:30"]
[BlackElo "1786"]
[BlackCountry "ESP"]
[BlackFideId "24526134"]
[BlackEloChange "3"]

1. Nf3 {[%clk 1:30:00]} Nf6 {[%clk 1:30:00]} 2. g3 {[%clk 1:30:00]} d5 {[%clk
1:30:00]} 3. d4 {[%clk 1:29:00]} e6 {[%clk 1:30:00]} 4. Bg2 {[%clk 1:28:00]} Be7
{[%clk 1:30:00]} 5. O-O {[%clk 1:27:00]} O-O {[%clk 1:30:00]} 6. b3 {[%clk
1:25:00]} b6 {[%clk 1:26:00]} 7. Na3 {[%clk 1:20:00]} Ba6 {[%clk 1:21:00]} 8. Bb2
{[%clk 1:17:00]} Nbd7 {[%clk 1:16:00]} 9. Rc1 {[%clk 1:13:00]} Bd6 {[%clk
1:11:00]} 10. c4 {[%clk 1:12:00]} Qe7 {[%clk 1:10:00]} 11. Nb1 {[%clk 1:08:00]}
c6 {[%clk 1:07:00]} 12. Ne5 {[%clk 1:03:00]} Rfc8 {[%clk 1:01:00]} 13. Nd2 {[%clk
0:58:00]} Bb7 {[%clk 0:53:00]} 14. e3 {[%clk 0:52:00]} Nf8 {[%clk 0:49:00]} 15.
Qc2 {[%clk 0:46:00]} Ng6 {[%clk 0:48:00]} 16. Rfd1 {[%clk 0:45:00]} c5 {[%clk
0:41:00]} 17. h4 {[%clk 0:37:00]} cxd4 {[%clk 0:32:00]} 18. Nxg6 {[%clk 0:37:00]}
hxg6 {[%clk 0:32:00]} 19. Bxd4 {[%clk 0:37:00]} dxc4 {[%clk 0:29:00]} 20. Bxb7
{[%clk 0:37:00]} Qxb7 {[%clk 0:29:00]} 21. Nxc4 {[%clk 0:37:00]} Ba3 {[%clk
0:28:00]} 22. Bb2 {[%clk 0:32:00]} Bxb2 {[%clk 0:29:00]} 23. Qxb2 {[%clk
0:33:00]} Rd8 {[%clk 0:25:00]} 24. Qc2 {[%clk 0:30:00]} Qe7 {[%clk 0:22:00]} 25.
Rxd8+ {[%clk 0:29:00]} Rxd8 {[%clk 0:23:00]} 26. Ne5 {[%clk 0:29:00]} Rd5 {[%clk
0:20:00]} 27. Qc8+ {[%clk 0:28:00]} Kh7 {[%clk 0:20:00]} 28. Rc7 {[%clk 0:28:00]}
Qd6 {[%clk 0:16:08]} 29. Nxf7 {[%clk 0:27:00]} Rd1+ {[%clk 0:16:25]} 30. Kh2
{[%clk 0:27:00]} Ng4+ {[%clk 0:16:22]} 31. Kh3 {[%clk 0:27:00]} Nxf2+ {[%clk
0:16:27]} 32. Kh2 {[%clk 0:27:00]} Rh1+ {[%clk 0:15:16]} 33. Kg2 {[%clk 0:27:00]}
Qd5+ {[%clk 0:15:13]} 34. Kxf2 {[%clk 0:28:00]} Rh2+ {[%clk 0:15:29]} 35. Kg1
{[%clk 0:28:00]} Qh1# {[%clk 0:15:29]} 0-1

[Event "Campeonato España Sub 12"]
[Site "Salobreña"]
[Date "2017.07.10"]
[Round "2"]
[White "Badillo Ramos, Steve"]
[Black "Sanmartin Hernandez, Joan"]
[Result "1-0"]
[Board "13"]
[WhiteClock "1:30"]
[WhiteElo "1802"]
[WhiteCountry "ESP"]
[WhiteFideId "24526150"]
[WhiteEloChange "2"]
[BlackClock "1:30"]
[BlackElo "1409"]
[BlackCountry "ESP"]
[BlackFideId "32082177"]
[BlackEloChange "-2"]

1. e4 {[%clk 1:30:00]} d6 {[%clk 1:30:00]} 2. d4 {[%clk 1:31:00]} Nf6 {[%clk
1:30:00]} 3. Nc3 {[%clk 1:31:00]} Nbd7 {[%clk 1:30:00]} 4. f4 {[%clk 1:31:00]} e5
{[%clk 1:29:00]} 5. Nf3 {[%clk 1:32:00]} exd4 {[%clk 1:30:00]} 6. Qxd4 {[%clk
1:32:00]} c6 {[%clk 1:29:00]} 7. Be3 {[%clk 1:32:00]} d5 {[%clk 1:29:00]} 8. e5
{[%clk 1:19:00]} Ng4 {[%clk 1:25:00]} 9. Bg1 {[%clk 1:19:00]} Bc5 {[%clk
1:24:00]} 10. Qd2 {[%clk 1:18:00]} b5 {[%clk 1:20:00]} 11. h3 {[%clk 1:17:00]}
Nh6 {[%clk 1:17:00]} 12. Bd3 {[%clk 1:14:00]} a5 {[%clk 1:11:00]} 13. O-O-O
{[%clk 1:06:00]} a4 {[%clk 1:06:00]} 14. Kb1 {[%clk 1:07:00]} b4 {[%clk 1:02:00]}
15. Ne2 {[%clk 1:07:00]} Bxg1 {[%clk 1:02:00]} 16. Rhxg1 {[%clk 1:07:00]} c5
{[%clk 0:59:00]} 17. Bb5 {[%clk 1:04:00]} Bb7 {[%clk 0:55:00]} 18. e6 {[%clk
1:01:00]} fxe6 {[%clk 0:54:00]} 19. Ne5 {[%clk 1:00:00]} Bc8 {[%clk 0:54:00]} 20.
Qe3 {[%clk 1:00:00]} d4 {[%clk 0:52:00]} 21. Qe4 {[%clk 1:00:00]} Ra5 {[%clk
0:50:00]} 22. Nc6 {[%clk 0:59:00]} Qb6 {[%clk 0:44:00]} 23. Qxe6+ {[%clk
1:00:00]} Kf8 {[%clk 0:44:00]} 24. Qe7+ {[%clk 1:00:00]} Kg8 {[%clk 0:44:00]} 25.
Qe8+ {[%clk 1:00:00]} 1-0

[Event "Campeonato España Sub 12"]
[Site "Salobreña"]
[Date "2017.07.10"]
[Round "2"]
[White "Gonzalez Manrique, Mario"]
[Black "Aguado Doncel, Pablo Luis"]
[Result "0-1"]
[Board "14"]
[WhiteClock "1:30"]
[WhiteElo "1465"]
[WhiteCountry "ESP"]
[WhiteFideId "24509078"]
[WhiteEloChange "-3"]
[BlackClock "1:30"]
[BlackElo "1766"]
[BlackCountry "ESP"]
[BlackFideId "24538256"]
[BlackEloChange "3"]

1. e4 {[%clk 1:30:00]} e5 {[%clk 1:30:00]} 2. Nc3 {[%clk 1:31:00]} Nf6 {[%clk
1:31:00]} 3. Bc4 {[%clk 1:31:00]} Nxe4 {[%clk 1:31:00]} 4. Qh5 {[%clk 1:30:00]}
Nd6 {[%clk 1:31:00]} 5. Qxe5+ {[%clk 1:30:00]} Qe7 {[%clk 1:32:00]} 6. Qxe7+
{[%clk 1:30:00]} Bxe7 {[%clk 1:32:00]} 7. Bb3 {[%clk 1:31:00]} c6 {[%clk
1:31:00]} 8. Nf3 {[%clk 1:30:00]} O-O {[%clk 1:31:00]} 9. O-O {[%clk 1:29:00]}
Nf5 {[%clk 1:30:00]} 10. d4 {[%clk 1:25:00]} d5 {[%clk 1:31:00]} 11. Ne2 {[%clk
1:24:00]} Nd6 {[%clk 1:28:00]} 12. c3 {[%clk 1:23:00]} Bf5 {[%clk 1:28:00]} 13.
Bf4 {[%clk 1:21:00]} Ne4 {[%clk 1:26:00]} 14. Ng3 {[%clk 1:20:00]} Nxg3 {[%clk
1:26:00]} 15. fxg3 {[%clk 1:18:00]} Nd7 {[%clk 1:25:00]} 16. Rae1 {[%clk
1:15:00]} Bf6 {[%clk 1:25:00]} 17. Re3 {[%clk 1:03:00]} Rfe8 {[%clk 1:24:00]} 18.
Rfe1 {[%clk 1:03:00]} Rxe3 {[%clk 1:24:00]} 19. Rxe3 {[%clk 1:03:00]} Nf8 {[%clk
1:16:00]} 20. Bg5 {[%clk 0:59:00]} Bxg5 {[%clk 1:17:00]} 21. Nxg5 {[%clk
1:00:00]} Ng6 {[%clk 1:16:00]} 22. Rf3 {[%clk 0:59:00]} Be6 {[%clk 1:16:00]} 23.
Nxe6 {[%clk 1:00:00]} fxe6 {[%clk 1:17:00]} 24. Re3 {[%clk 0:59:00]} Re8 {[%clk
1:17:00]} 25. Bc2 {[%clk 1:00:00]} Kf7 {[%clk 1:15:00]} 26. Kf2 {[%clk 1:00:00]}
e5 {[%clk 1:07:00]} 27. Bxg6+ {[%clk 0:57:00]} Kxg6 {[%clk 1:07:00]} 28. dxe5
{[%clk 0:58:00]} Kf5 {[%clk 1:07:00]} 29. Rf3+ {[%clk 0:58:00]} Ke6 {[%clk
1:07:00]} 30. g4 {[%clk 0:57:00]} Re7 {[%clk 1:07:00]} 31. Re3 {[%clk 0:57:00]}
Rf7+ {[%clk 1:07:00]} 32. Kg3 {[%clk 0:56:00]} g5 {[%clk 1:07:00]} 33. Rf3 {[%clk
0:44:00]} Rxf3+ {[%clk 1:07:00]} 34. Kxf3 {[%clk 0:45:00]} Kxe5 {[%clk 1:07:00]}
35. Ke3 {[%clk 0:45:00]} c5 {[%clk 1:07:00]} 36. g3 {[%clk 0:43:00]} c4 {[%clk
1:07:00]} 37. a4 {[%clk 0:38:00]} a5 {[%clk 1:07:00]} 38. h3 {[%clk 0:36:00]} b6
{[%clk 1:07:00]} 39. h4 {[%clk 0:36:00]} h6 {[%clk 1:07:00]} 40. h5 {[%clk
0:35:00]} d4+ {[%clk 1:07:00]} 41. cxd4+ {[%clk 0:33:00]} Kd5 {[%clk 1:08:00]}
42. Ke2 {[%clk 0:33:00]} Kxd4 {[%clk 1:08:00]} 43. Kd2 {[%clk 0:33:00]} Kc5
{[%clk 1:07:00]} 44. Kc3 {[%clk 0:33:00]} b5 {[%clk 1:07:00]} 45. axb5 {[%clk
0:33:00]} Kxb5 {[%clk 1:08:00]} 46. b3 {[%clk 0:32:00]} cxb3 {[%clk 1:08:00]} 47.
Kxb3 {[%clk 0:33:00]} Kc5 {[%clk 1:08:00]} 48. Ka4 {[%clk 0:33:00]} Kd4 {[%clk
1:08:00]} 49. Kxa5 {[%clk 0:33:00]} Ke3 {[%clk 1:09:00]} 50. Kb5 {[%clk 0:34:00]}
Kf3 {[%clk 1:09:00]} 51. Kc5 {[%clk 0:34:00]} Kxg3 {[%clk 1:09:00]} 52. Kd4
{[%clk 0:35:00]} Kxg4 {[%clk 1:10:00]} 53. Ke3 {[%clk 0:35:00]} Kxh5 {[%clk
1:10:00]} 54. Kf3 {[%clk 0:35:00]} g4+ {[%clk 1:10:00]} 55. Kg3 {[%clk 0:36:00]}
Kg5 {[%clk 1:11:00]} 56. Kg2 {[%clk 0:36:00]} Kf4 {[%clk 1:11:00]} 57. Kf2 {[%clk
0:36:00]} h5 {[%clk 1:11:00]} 58. Kg2 {[%clk 0:37:00]} g3 {[%clk 1:11:00]} 59.
Kg1 {[%clk 0:37:00]} Kf3 {[%clk 1:12:00]} 60. Kh1 {[%clk 0:37:00]} g2+ {[%clk
1:12:00]} 0-1

[Event "Campeonato España Sub 12"]
[Site "Salobreña"]
[Date "2017.07.10"]
[Round "2"]
[White "Lopez Varela, Pablo"]
[Black "Joglar Garcia, Maria"]
[Result "1-0"]
[Board "15"]
[WhiteClock "1:30"]
[WhiteElo "1724"]
[WhiteCountry "ESP"]
[WhiteFideId "32092105"]
[WhiteEloChange "3"]
[BlackClock "1:30"]
[BlackElo "1442"]
[BlackCountry "ESP"]
[BlackFideId "32092156"]
[BlackEloChange "-3"]

1. e4 {[%clk 1:30:00]} c5 {[%clk 1:30:00]} 2. Nc3 {[%clk 1:31:00]} d6 {[%clk
1:30:00]} 3. g3 {[%clk 1:31:00]} Nf6 {[%clk 1:29:00]} 4. Bg2 {[%clk 1:30:00]} g6
{[%clk 1:28:00]} 5. d3 {[%clk 1:31:00]} Bg7 {[%clk 1:28:00]} 6. f4 {[%clk
1:30:00]} Nc6 {[%clk 1:25:00]} 7. h3 {[%clk 1:30:00]} Bd7 {[%clk 1:23:00]} 8. Nf3
{[%clk 1:30:00]} a6 {[%clk 1:22:00]} 9. O-O {[%clk 1:29:00]} O-O {[%clk 1:22:00]}
10. g4 {[%clk 1:29:00]} Qc7 {[%clk 1:21:00]} 11. f5 {[%clk 1:27:00]} b5 {[%clk
1:20:00]} 12. Ne2 {[%clk 1:26:00]} b4 {[%clk 1:19:00]} 13. Nh2 {[%clk 1:22:00]}
a5 {[%clk 1:14:00]} 14. Nf4 {[%clk 1:21:00]} a4 {[%clk 1:12:00]} 15. g5 {[%clk
1:21:00]} Ne8 {[%clk 1:11:00]} 16. Nd5 {[%clk 1:20:00]} Qd8 {[%clk 1:06:00]} 17.
f6 {[%clk 1:20:00]} exf6 {[%clk 1:03:00]} 18. gxf6 {[%clk 1:20:00]} Bxf6 {[%clk
0:56:00]} 19. Nxf6+ {[%clk 1:20:00]} Nxf6 {[%clk 0:57:00]} 20. Bg5 {[%clk
1:21:00]} Qc8 {[%clk 0:50:00]} 21. Bxf6 {[%clk 1:21:00]} Bxh3 {[%clk 0:49:00]}
22. Qd2 {[%clk 1:21:00]} Bxg2 {[%clk 0:48:00]} 23. Qh6 {[%clk 1:21:00]} 1-0